00264nam a22001097a 4500008004100000020001800041100003500059245001600094250001100110260002500121300000800146240312b |||||||| |||| 00| 0 eng d a9789356060760 aS. K. Ciccarelli & J. N. White aPsychology  a6th Ed aNoidabPearsonc2024 a679